000 00550nam a2200181 i 4500
001 77062
003 ES-MaACL
005 20230906173057.0
007 t|
008 041006s1974 mx ||||1| spa d
100 1 _aGuyton, Arthur C.
_961279
245 1 0 _aTratado de Fisiología médica /
_cArthur C. Guyton ; traducido por Alberto Folch y Pi.
250 _a4ª ed.
260 _aMéxico :
_bInteramericana,
_c[1974]
300 _aXXXII, 1084 p. :
_bil. ;
_c27 cm.
700 1 _aFolch i Pi, Alberto.
_951452
852 _aES-MaACL
_jE-6242
_bR.90674
999 _c77062
_d77062